| 000 | 00350 a2200145 4500 | ||
|---|---|---|---|
| 020 | _a9788178845906 | ||
| 090 |
_c3921 _d3921 |
||
| 100 | _aD.R Joshi | ||
| 245 | _aMutual Funds and Hedge Funds | ||
| 250 | _a1st ed | ||
| 260 |
_aNew Delhi _bCyber Tech Publications _c2010 |
||
| 300 | _a288p. | ||
| 500 | _aHardcover | ||
| 942 |
_aNBS _cBK _k332.645 JOS |
||
| 999 |
_c346382 _d346382 |
||